Application of expert systems to quantity surveying: the strategic planning of construction projects: the RICS/Alvey research project for chartered quantity surveyors. (Record no. 90803)

MARC details
000 -LEADER
fixed length control field 01134cam a2200289 4500
001 - CONTROL NUMBER
control field M53
008 - FIXED-LENGTH DATA ELEMENTS--GENERAL INFORMATION
fixed length control field 090401t1988 xxu||||| |||| 00| 0 eng d
035 ## - SYSTEM CONTROL NUMBER
System control number (Sirsi) u39565
041 ## - LANGUAGE CODE
Language code of text/sound track or separate title eng
050 ## - LIBRARY OF CONGRESS CALL NUMBER
Classification number 692.50285
090 ## - LOCALLY ASSIGNED LC-TYPE CALL NUMBER (OCLC); LOCAL CALL NUMBER (RLIN)
Classification number (OCLC) (R) ; Classification number, CALL (RLIN) (NR) RICS 1988/7ABCDE
100 ## - MAIN ENTRY--PERSONAL NAME
Personal name Brandon, Peter S
245 ## - TITLE STATEMENT
Title Application of expert systems to quantity surveying: the strategic planning of construction projects: the RICS/Alvey research project for chartered quantity surveyors.
260 ## - PUBLICATION, DISTRIBUTION, ETC.
Place of publication, distribution, etc. London
Name of publisher, distributor, etc. RICS
Date of publication, distribution, etc. 1988
300 ## - PHYSICAL DESCRIPTION
Extent vi, 100p.; 30cm.
350 ## - PRICE (NR) (BK AM CF MU VM SE) [OBSOLETE]
Price 30
520 ## - SUMMARY, ETC.
Summary, etc. The first section of the title is taken from the title page, the second from part of the front cover and the third from the spine. The ISBN was used for an earlier publication so has not been quoted. Research project funded by the Alvey Directorate.
650 ## - SUBJECT ADDED ENTRY--TOPICAL TERM
Topical term or geographic name entry element ALVEY
650 ## - SUBJECT ADDED ENTRY--TOPICAL TERM
Topical term or geographic name entry element COMPUTERS
700 ## - ADDED ENTRY--PERSONAL NAME
Personal name Basden, Andrew
700 ## - ADDED ENTRY--PERSONAL NAME
Personal name Hamilton, Ian W.
700 ## - ADDED ENTRY--PERSONAL NAME
Personal name Stockley, Joyce E.
710 ## - ADDED ENTRY--CORPORATE NAME
Corporate name or jurisdiction name as entry element Royal Institution of Chartered Surveyors
Subordinate unit Quantity Surveyors' Division
9 (RLIN) 1263
710 ## - ADDED ENTRY--CORPORATE NAME
Corporate name or jurisdiction name as entry element University of Salford.
9 (RLIN) 3465
942 ## - ADDED ENTRY ELEMENTS (KOHA)
Suppress in OPAC 0
948 ## - LOCAL PROCESSING INFORMATION (OCLC); SERIES PART DESIGNATOR (RLIN)
c (OCLC) 04/03/1997
Holdings
Withdrawn status Lost status Source of classification or shelving scheme Damaged status Not for loan Home library Current library Shelving location Date acquired Cost, normal purchase price Total Checkouts Full call number Barcode Date last seen Copy number Cost, replacement price Price effective from Koha item type Date last checked out
    Dewey Decimal Classification     London London RICS Boxes 06/11/1991 30.00   RICS 1988/7 30024827 06/08/2019 1 30.00 06/08/2019 Archive  
    Dewey Decimal Classification     London London RICS Boxes 06/11/1991 30.00   RICS 1988/7 30024828 06/08/2019 2 30.00 06/08/2019 Reference material  
    Dewey Decimal Classification     London London RICS Boxes 06/11/1991 30.00   RICS 1988/7 30024830 06/08/2019 3 30.00 06/08/2019 Book  
    Dewey Decimal Classification     London London RICS Boxes 24/01/1995 30.00 2 RICS 1988/7 30044829 06/08/2019 4 30.00 06/08/2019 Book 13/08/2001
    Dewey Decimal Classification     London London RICS Boxes 13/10/1992 30.00 3 RICS 1992/7 30037146 06/08/2019 1 30.00 06/08/2019 Book 19/10/2004